000
00322nam a2200145Ia 4500
008
230524s9999 xx 000 0 und d
082
_a
5.133
_b
LUT
100
_a
Mark Lutz
_9
43949
245
0
_a
Python (Programming)
250
_a
1
260
_b
SPD
500
_a
Quantity Number: 1
650
_a
Comp.Sc
942
_c
BK
999
_c
59572
_d
59572